Catálogo
 En Linea

Archivo historicoliterario. (Registro nro. 17796)

Detalles MARC
000 -CABECERA
campo de control de longitud fija 00929cas a2200289 a 4500
001 - NÚMERO DE CONTROL
campo de control 000018275
005 - FECHA Y HORA DE LA ÚLTIMA TRANSACCIÓN
campo de control 20200929165431.0
008 - DATOS DE LONGITUD FIJA--INFORMACIÓN GENERAL
campo de control de longitud fija 820623c19799999pr uu m 0 b0spa d
010 ## - NÚMERO DE CONTROL DE LA BIBLIOTECA DEL CONGRESO
Número de control de LC sf 88020118
Número de control de LC cancelado o no válido sn 82022194
035 ## - NÚMERO DE CONTROL DEL SISTEMA
Número de control de sistema (OCoLC)ocm08542430
040 ## - FUENTE DE LA CATALOGACIÓN
Centro catalogador/agencia de origen DO-SdBNP
Centro/agencia transcriptor IU
Centro/agencia modificador NST
-- DLC
-- OCoLC
041 0# - CÓDIGO DE LENGUA
Código de lengua del texto/banda sonora o título independiente spa
Código de lengua del sumario o resumen eng
042 ## - CÓDIGO DE AUTENTICACIÓN
Código de autenticación lc
043 ## - CÓDIGO DE ÁREA GEOGRÁFICA
Código de área geográfica nwpr---
050 00 - SIGNATURA TOPOGRÁFICA DE LA BIBLIOTECA DEL CONGRESO
Número de clasificación UNC
012 ## -
-- -3-7-0012192429-p-8803
245 00 - MENCIÓN DE TÍTULO
Título Archivo historicoliterario.
260 ## - PUBLICACIÓN, DISTRIBUCIÓN, ETC.
Lugar de publicación, distribución, etc. San Juan, Puerto Rico :
Nombre del editor, distribuidor, etc. Coleccion Hipatia,
Fecha de publicación, distribución, etc. 1979-.
265 ## - FUENTE DE ADQUISICIÓN/DIRECCIÓN DE SUSCRIPCIÓN [OBSOLETO]
Fuente de adquisición/dirección de suscripción [OBSOLETO] Coleccion Hipatia, 820 First Federal Building, Santurce, Puerto Rico 00909
300 ## - DESCRIPCIÓN FÍSICA
Extensión v. ;
Dimensiones 21-22 cm.
362 0# - FECHAS DE PUBLICACIÓN Y/O DESIGNACIÓN SECUENCIAL
Fecha de publicación y/o designación secuencial 1-
546 ## - NOTA DE LENGUA/LENGUAJE
Nota de lengua/lenguaje Text in Spanish with some summaries in English.
650 #0 - PUNTO DE ACCESO ADICIONAL DE MATERIA--TÉRMINO DE MATERIA
Término de materia o nombre geográfico como elemento de entrada Puerto rican literature.
9 (RLIN) 39578
651 #0 - PUNTO DE ACCESO ADICIONAL DE MATERIA--NOMBRE GEOGRÁFICO
Nombre geográfico Puerto Rico
Subdivisión general History
-- Sources.
9 (RLIN) 39579
910 ## - DATOS DE OPCIÓN DEL USUARIO (OCLC)
Datos de opción del usuario Catalogación por copia / LC
Existencias
Estado de retiro Estado de pérdida Restricciones de uso No para préstamo Código de colección Localización permanente Ubicación/localización actual Ubicación en estantería Fecha de adquisición Número de inventario Total de préstamos Signatura topográfica completa Código de barras Fecha visto por última vez Precio válido a partir de Tipo de ítem Koha
      Excluido de préstamo Monografías: Libros y Folletos General General En catalogación 22.04.2010 LF1   18275-10 25.06.2020 25.06.2020 No se presta

Con tecnología Koha